000 02887cab a2200325 ab4500
005 20231115110353.0
008 991125c2016 sp tr p o 000 0 spa d
035 _aUPN01000218693
040 _aMX-MxUPN
_bspa
_cMX-MxUPN
_eaacr2
049 _aART-E
100 1 _aSan Martín Alonso, Angel
100 1 _uasanmart@uv.es
100 1 _aPeirats Chacón, José
100 1 _ujopeicha@uv.es
100 1 _aGallardo Fernández, Isabel María
100 1 _uigafer@uv.es
245 1 0 _aCentros educativos inteligentes :
_bluces y sombras sobre las políticas de transferencia de tecnología y las prácticas docentes
_h[recurso electrónico en línea]
506 0 _aAcceso abierto
520 3 _aEl presente trabajo se inscribe en el marco de una investigación de ámbito nacional sobre el Programa Escuela 2.0. Centramos la atención en el análisis de la implementación, en la Comunidad Valenciana, del programa Centros Educativos Inteligentes (CEI). Es la alternativa a la Escuela 2.0 y la idea central es facilitar el acceso, desde cualquier lugar del centro, a las TIC como recurso de apoyo en el proceso de enseñanza y aprendizaje. En coherencia con el proyecto CEI, tomamos metodológicamente al centro escolar como unidad de análisis en el trabajo de campo. El cuestionario se pasó a los 18 centros implicados y en 4 de ellos realizamos el estudio de casos: dos de educación Infantil/Primaria y dos de Secundaria. La metodología utilizada en la recogida y tratamiento de datos combina técnicas cuantitativas y cualitativas para dar respuesta al objetivo principal de la investigación. Dicho objetivo se focaliza en analizar cómo a través de las políticas de transferencia de tecnologías al sistema escolar se transforma la organización en la que se desarrolla la práctica docente.Los resultados destacan aspectos relacionados con la contribución de las TIC a la modernización de la educación. El profesorado valora positivamente el programa CEI, porque con estas tecnologías pueden aproximarse más a lo que hoy demanda el alumnado así como a los sus diferentes ritmos de aprendizaje. Sin embargo, los encuestados muestran reticencias ante las políticas que sustentan el programa que se limita a la dotación de medios. De los casos analizados se desprende que las interacciones en el seno organizativo interfieren y determinan el uso de las tecnologías. Profesorado.
650 4 _94978
_aTecnología educativa
653 0 _aTransferencia de tecnología
653 0 _aInnovación educativa
653 0 _aPráctica docente
653 0 _aInstituciones educativas
773 _gVol. 18, no. 3 (2014), p. 63-79
_tProfesorado : revista de currículum y formación del profesorado
_x1989-639X
856 4 _uhttps://revistaseug.ugr.es/index.php/profesorado/article/view/19320
902 _bLeonor Sotres/151123
905 _aArticulo
942 _cART-E
999 _c190793
_d190793